| 000 | 00933cam a22002773a 4500 | ||
|---|---|---|---|
| 001 | 7006 | ||
| 003 | PGUSA | ||
| 005 | 20140828083139.0 | ||
| 008 | 041201s2004||||xxu|||||s|||||000 1 eng d | ||
| 040 |
_aPGUSA _beng |
||
| 042 | _adc | ||
| 050 | 4 | _aPR | |
| 050 | 4 | _aPZ | |
| 100 | 1 |
_aHenty, G. A. _q(George Alfred), _d1832-1902 |
|
| 245 | 1 | 0 |
_aBonnie Prince Charlie : _ba Tale of Fontenoy and Culloden _h[electronic resource] / _cG. A. Henty |
| 260 |
_bProject Gutenberg, _c2004 |
||
| 506 | _aPublic domain in the USA. | ||
| 516 | _aElectronic text | ||
| 653 | _aCulloden, Battle of, Scotland, 1746 -- Fiction | ||
| 653 | _aHistorical fiction | ||
| 653 | _aFontenoy, Battle of, Fontenoy, Hainaut, Belgium, 1745 -- Fiction | ||
| 653 | _aCharles Edward, Prince, grandson of James II, King of England, 1720-1788 -- Fiction | ||
| 830 | 0 |
_aProject Gutenberg _v7006 |
|
| 856 | 4 | 0 | _uhttp://www.gutenberg.org/ebooks/7006 |
| 942 | _cEB | ||
| 999 |
_c236326 _d236326 |
||